Gruppi Musicali Italiani A-Z - Statistics

Statistiche generali
  • Questo quiz è stato fatto 1.167 volte
    714 dall'ultimo reset
  • Il punteggio medio è 8 su 26
Statistiche sulle risposte
Lettera Canzoni Gruppo % Corretto
M Zitti e buoni, I Wanna Be Your Slave, Beggin' Måneskin
93%
K Italodisco, Pensare Male, Everytime The {Kolors}
90%
P Pastello bianco, Giovani Wannabe, Ridere Pinguini Tattici Nucleari
83%
R Sarà perché ti amo, Mamma Maria, Me enamoro de ti Ricchi e Poveri
83%
N Io vagabondo (Che non sono altro), Io voglio vivere, Un pugno di sabbia Nomadi
74%
B Per Un Millione, Mambo Salentino, Portami Con Te Boomdabash
72%
E Blue (Da Ba Dee), Move Your Body, Auto Blu Eiffel 65
69%
A Gente che spera, Domani smetto, Spirale Ovale Articolo 31
57%
Z Per dimenticare, Svegliarsi la mattina, Sei parte di me Zero Assoluto
53%
S Sorprendimi, Un giorno mi dirai, Generazione di fenomeni Stadio
39%
F Diventerai una star, Fumo e cenere, Adrenalina Finley
38%
T La descrizione di un attimo, Per me è importante, Immagini che lasciano il segno Tiromancino
37%
C The Rhythm Of The Night, Baby Baby, Try Me Out Corona
26%
Q Crapapelada, Un bacio a mezzanotte, Ba-ba-baciami piccina Quartetto Cetra
17%
L Our Truth, Trip The Darkness, Enjoy The Silence Lacuna Coil
5%
I Tornerò, Un angelo, Dolce amore mio I Santo California
3%
O Flying Through The Air, Santa Maria, Orzowei Oliver Onions
3%
D Please Don't Go, Run To Me, Dancing With An Angel Double You
2%
G Doo uap, doo uap, doo uap, Into My Soul, La Maison Gabin
2%
W Diggy Diggy Hole, To Erebor, Wintersaga Wind Rose
2%
H Promises, Never Trust The Hazel Eyed, Firework Hopes Die Last
1%
U Open Your Mind, Infinity, Sweat U.S.U.R.A.
1%
V Rise Up, How We Party, Legend VINAI
1%
J The Ghetto, Can We Live, Disco Queen Jestofunk
0%
X Cuttin'n'Drinkin, The Art Of Revenge, Camden Town XP8
0%
Y Drained By Diamonds, Our Nature, Food For The Ants Yuppie Flu
0%
Nessun quiz corrispondente trovato
Distribuzione punteggi
Percentuale di utenti per punteggio
Percentile per numero di risposta
I tuoi punteggi nel tempo
Non hai fatto questo quiz dall'ultimo reset